LDR 00481naa#a2200157#i#450# 001 EN\\bibl\126749 005 20260702100341.4 011 ## _a2542-1840 100 ## _a20260630b2026####ek#y0engy0150####ca 102 ## _aRU 200 1# _aInformation Rights and Obligations of the Beneficial Owner of Corporations _eJournal article 210 1# _aKemerovo _cKemerovo State University _d2026 215 ## _a8 с. 608 ## _aJournal article _2local 700 #1 _aGorbachuk _gViktor 856 4# _avestnik-hss.kemsu.ru _u